Quiero que mi empresa salga en Google (Registro nro. 184175)

Detalles MARC
000 -ENCABEZADO
Número de control [NR] 00793 a2200205 4500
005 - FECHA Y HORA DE LA ÚLTIMA TRANSACCIÓN
control field 20140903175017.0
008 - DE LONGITUD FIJA DE DATOS DE ELEMENTOS - INFORMACIÓN GENERAL
Elementos de longitud fija [NR] 140213s2011 ck ad fr 00| 0dspa d
020 ## - NUMERO INTERNACIONAL NORMALIZADO PARA LIBROS [R]
Número Internacional Normalizado del libro [NR] 9789588675541
040 ## - FUENTE DE CATALOGACION [NR]
Agencia de catalogación original [NR] CO-BoUCM
Idioma de catalogación [NR] spa
Quien Cataloga Jose A. Gerena
Quien Clasifica
041 ## - CODIGO DE IDIOMA [R]
Código de idioma para texto/pista de sonido o título separado [R] Español
100 1# - ASIENTO PRINCIPAL--NOMBRE PERSONAL [NR]
Nombre personal [NR] Andrés, Sico de
ID Autoridad 55907
245 10 - MENCION DE TITULO [NR]
Título [NR] Quiero que mi empresa salga en Google
Parte restante del título [NR] secretismo y realidad del posicionamiento en buscadores
Mención de responsabilidad, etc. [NR] Sico de Andrés
260 ## - PUBLICACION, DISTRIBUCION, ETC. (PIE DE IMPRENTA) [R]
Fecha de publicación, distribución, etc. [R] 2011
Nombre del editor, distribuidor, etc. [R] Ediciones de la U
Lugar de publicación, distribución, etc. [R] Bogotá (Colombia)
300 ## - DESCRIPCION FISICA [R]
Extensión [R] 229 páginas
Otros detalles físicos [NR] ilustraciones, cuadros, gráficas
650 #4 - ASIENTO SECUNDARIO DE MATERIA - TERMINO TEMATICO [R]
9 (RLIN) 17883
Término temático o nombre geográfico como elemento de entrada [NR] Internet (Red de computadores)
650 #4 - ASIENTO SECUNDARIO DE MATERIA - TERMINO TEMATICO [R]
9 (RLIN) 19797
Término temático o nombre geográfico como elemento de entrada [NR] Motores de búsqueda
690 ## - ASUNTO AGREGADO LOCAL DE ENTRADA - TÉRMINO TEMÁTICO (OCLC, RLIN)
9 (RLIN) 42853
Acceso temático local Informática
942 ## - ELEMENTOS DE ENTRADA AGREGADOS (KOHA)
Tema principal Generalidades
Tipo de ítem principal el descrito en 300a Libro
Edición 1
Parte restante de la signatura top. A561
Sistema de clasificación DEWEY
Clasificación 025.04
Existencias
Fecha de último préstamo Total préstamos Total Renewals Signatura topográfica Código de barras Última vez visto Ejemplar Costo de reposición Price effective from Tipo de ítem Perdido Sistema de clasificación Dañado No prestable Tipo de ítem específico Suprimido Ubicación habitual Ubicación actual Localización Fecha de creación Proveedor Forma de adquisición Costo
13/01/2017 2 1 025.04 A561 100140114 02/12/2024 Ej.1 25189.00 16/01/2014 Libro   DEWEY     Libro   Bodega Bodega 5to piso 16/01/2014 37 Compra 25189.00